00405 2200145 4500001002100000008004100021035002000062245004300082100001900125260003100144300002000175082001100195650004000206990001300246INLIS000000000000643 ind  a0010-0322000643 aBELAJAR MENGHAFAL HADITS POPULERcIKHA aGIBRAN MAULANA aSURABAYAbCV CAHAYA AGENCY a32 hlm.c27 cm. a297.21 aILMU HADIS, TERMASUK MUSTALAH HADIS a102873-1